Hodnocení územních plánů z pohledu udržatelného rozvoje (VURÚ) a dopadů na životní prostředí (SEA)

Územné plánovanie a s ním spojené procesy, zásady a nariadenia pri tvorbe územných plánov. Postupy, pri ktorých docháza k posudzovaniu dopadov územných plánov na trvalo udržiteľný rozvoj a životné prostredie.

Salvato in:
Dettagli Bibliografici
Autore principale: Černohousová, Marie
Natura: Capitolo di libro
Lingua:ceco
Soggetti:
Tags: Aggiungi Tag
Nessun Tag, puoi essere il primo ad aggiungerne!!

MARC

LEADER 00000nla a2200000 4500
001 0194805
005 20240417075051.2
041 0 |a cze 
044 |a CZ 
245 1 0 |a Hodnocení územních plánů z pohledu udržatelného rozvoje (VURÚ) a dopadů na životní prostředí (SEA)  |c Marie Černohousová 
520 |a Územné plánovanie a s ním spojené procesy, zásady a nariadenia pri tvorbe územných plánov. Postupy, pri ktorých docháza k posudzovaniu dopadov územných plánov na trvalo udržiteľný rozvoj a životné prostredie. 
610 2 0 |a ekonomika priestorová 
610 2 0 |a plánovanie územné 
610 2 0 |a politika regionálna 
610 2 0 |a plán územný 
610 2 0 |a prostredie životné 
610 2 0 |a rozvoj trvalo udržateľný 
100 1 |a Černohousová, Marie